Atlas maior, sive Cosmographia Blavania, qva solvm, salvm, coelvm, accvratissime describvntvr (Record no. 114195)

MARC details
000 -LEADER
fixed length control field 00483cam a22001695a 4500
001 - CONTROL NUMBER
control field L156345
008 - FIXED-LENGTH DATA ELEMENTS--GENERAL INFORMATION
fixed length control field 120514m16621672xxk f 000 0 eng d
035 ## - SYSTEM CONTROL NUMBER
System control number (Sirsi) u156345
041 0# - LANGUAGE CODE
Language code of text/sound track or separate title eng
100 1# - MAIN ENTRY--PERSONAL NAME
Personal name Blaeu, Joan
Dates associated with a name 1596-1673
245 00 - TITLE STATEMENT
Title Atlas maior, sive Cosmographia Blavania, qva solvm, salvm, coelvm, accvratissime describvntvr
260 ## - PUBLICATION, DISTRIBUTION, ETC.
Place of publication, distribution, etc. [Amstelaedami
Name of publisher, distributor, etc. I. Blaev
Date of publication, distribution, etc. 1662-72]
300 ## - PHYSICAL DESCRIPTION
Extent 11 v.
651 #4 - SUBJECT ADDED ENTRY--GEOGRAPHIC NAME
Geographic name International
690 ## - LOCAL SUBJECT ADDED ENTRY--TOPICAL TERM (OCLC, RLIN)
Topical term or geographic name as entry element Geomatics
9 (RLIN) 6242
942 ## - ADDED ENTRY ELEMENTS (KOHA)
Suppress in OPAC 0
Holdings
Withdrawn status Lost status Source of classification or shelving scheme Damaged status Not for loan Home library Current library Shelving location Date acquired Total Checkouts Full call number Barcode Date last seen Copy number Price effective from Koha item type
    Dewey Decimal Classification     Historic collection Historic collection Safe 14/05/2012   ATLAS 1662 BLAEU VOL. 1 30077074 22/04/2026 1 06/08/2019 Book
    Dewey Decimal Classification     Historic collection Historic collection Safe 20/02/2013   ATLAS 1662 BLAEU VOL. 2 30078130 22/04/2026 1 06/08/2019 Book
    Dewey Decimal Classification     Historic collection Historic collection Safe 20/02/2013   ATLAS 1662 BLAEU VOL. 11 30078131 22/04/2026 1 06/08/2019 Book
    Dewey Decimal Classification     Historic collection Historic collection Safe 20/02/2013   ATLAS 1662 BLAEU VOL. 10 30078127 22/04/2026 1 06/08/2019 Book
    Dewey Decimal Classification     Historic collection Historic collection Safe 20/02/2013   ATLAS 1662 BLAEU VOL. 9 30078123 22/04/2026 1 06/08/2019 Book
    Dewey Decimal Classification     Historic collection Historic collection Safe 20/02/2013   ATLAS 1662 BLAEU VOL. 8 30078119 22/04/2026 1 06/08/2019 Book
    Dewey Decimal Classification     Historic collection Historic collection Safe 20/02/2013   ATLAS 1662 BLAEU VOL. 7 30078115 22/04/2026 1 06/08/2019 Book
    Dewey Decimal Classification     Historic collection Historic collection Safe 20/02/2013   ATLAS 1662 BLAEU VOL. 6 30078111 22/04/2026 1 06/08/2019 Book
    Dewey Decimal Classification     Historic collection Historic collection Safe 20/02/2013   ATLAS 1662 BLAEU VOL. 5 30078107 22/04/2026 1 06/08/2019 Book
    Dewey Decimal Classification     Historic collection Historic collection Safe 20/02/2013   ATLAS 1662 BLAEU VOL. 4 30078132 22/04/2026 1 06/08/2019 Book